000 00335nam a22001337a 4500
082 _a796.358
_bTEN
_cN-01, P-42
100 _aIvo Tennant
_945937
245 _aImran Khan
260 _aLondon
_bTrafalgar Square
_c1996
300 _a205 p.
_bill.
526 _a0
_b0
_c0
_d796_358000000000000_TEN
650 _aMCE
_9379
942 _2ddc
_cBK
999 _c549329
_d549329